Raleh and the singsong castle / (Record no. 59673)

MARC details
000 -LEADER
fixed length control field 00607nam a22001697a 4500
005 - DATE AND TIME OF LATEST TRANSACTION
control field 20111220102558.0
020 ## - INTERNATIONAL STANDARD BOOK NUMBER
International Standard Book Number 9788189934019
Terms of availability 120.00
037 ## - SOURCE OF ACQUISITION
Source of stock number/acquisition PUB
100 ## - MAIN ENTRY--PERSONAL NAME
Personal name Rizio Yohannan Raj
245 ## - TITLE STATEMENT
Title Raleh and the singsong castle /
Statement of responsibility, etc by Rizio Yohannan Raj; art by Anahita Taymourian
260 ## - PUBLICATION, DISTRIBUTION, ETC. (IMPRINT)
Place of publication, distribution, etc New Delhi
Name of publisher, distributor, etc Katha
Date of publication, distribution, etc 2007
270 ## - ADDRESS
Address A3 Sarvodaya Enclave, Sri Aurobindo Marg,
City New Delhi
Postal code 110017
300 ## - PHYSICAL DESCRIPTION
Extent unpaged
Other physical details ill.
Dimensions 26cm(pbk)
700 ## - ADDED ENTRY--PERSONAL NAME
Personal name Taymourian, Anahita
9 (RLIN) 37217
942 ## - ADDED ENTRY ELEMENTS (KOHA)
Source of classification or shelving scheme Dewey Decimal Classification
Item type Children Books
Call number suffix RIZ
Holdings
Withdrawn status Lost status Not for loan Home library Current library Date acquired Cost, normal purchase price Full call number Cost, replacement price Koha item type
    Ordered Andrews Gunj Andrews Gunj 20/12/2011 120.00 RIZ 120.00 Children Books

© Delhi Public Library
Hit Counter
free hit counter